<?xml version="1.0" encoding="UTF-8"?><?xml-stylesheet type="text/xsl" href="static/style.xsl"?><OAI-PMH xmlns="http://www.openarchives.org/OAI/2.0/" xmlns:xsi="http://www.w3.org/2001/XMLSchema-instance" xsi:schemaLocation="http://www.openarchives.org/OAI/2.0/ http://www.openarchives.org/OAI/2.0/OAI-PMH.xsd"><responseDate>2026-04-14T21:05:50Z</responseDate><request verb="GetRecord" identifier="oai:uvadoc.uva.es:10324/1012" metadataPrefix="marc">https://uvadoc.uva.es/oai/request</request><GetRecord><record><header><identifier>oai:uvadoc.uva.es:10324/1012</identifier><datestamp>2021-12-16T13:06:01Z</datestamp><setSpec>com_10324_799</setSpec><setSpec>col_10324_800</setSpec></header><metadata><record xmlns="http://www.loc.gov/MARC21/slim" xmlns:doc="http://www.lyncode.com/xoai" xmlns:xsi="http://www.w3.org/2001/XMLSchema-instance" xmlns:dcterms="http://purl.org/dc/terms/" xsi:schemaLocation="http://www.loc.gov/MARC21/slim http://www.loc.gov/standards/marcxml/schema/MARC21slim.xsd">
<leader>00925njm 22002777a 4500</leader>
<datafield tag="042" ind1=" " ind2=" ">
<subfield code="a">dc</subfield>
</datafield>
<datafield tag="720" ind1=" " ind2=" ">
<subfield code="a">Fernandez Prida, Joaquin</subfield>
<subfield code="e">author</subfield>
</datafield>
<datafield tag="260" ind1=" " ind2=" ">
<subfield code="c">1896</subfield>
</datafield>
<datafield tag="520" ind1=" " ind2=" ">
<subfield code="a">Requerido</subfield>
</datafield>
<datafield tag="024" ind2=" " ind1="8">
<subfield code="a">http://uvadoc.uva.es/handle/10324/1012</subfield>
</datafield>
<datafield tag="024" ind2=" " ind1="8">
<subfield code="a">b1298304</subfield>
</datafield>
<datafield ind1=" " ind2=" " tag="653">
<subfield code="a">Derecho internacional privado</subfield>
</datafield>
<datafield ind1=" " ind2=" " tag="653">
<subfield code="a">Discursos Universitarios-España-Valladolid</subfield>
</datafield>
<datafield tag="245" ind1="0" ind2="0">
<subfield code="a">La codificación del derecho internacional privado: discurso inaugural leído en la Universidad Literaria de Valladolid en la solemne apertura del curso académico de 1896 a 1897 / por el Dr. Joaquín Fernández Prida</subfield>
</datafield>
</record></metadata></record></GetRecord></OAI-PMH>